LEADER 02604nam 2200601Ia 450 001 9910458394003321 005 20200520144314.0 010 $a1-281-90492-9 010 $a9786611904920 010 $a1-84593-332-X 035 $a(CKB)1000000000395939 035 $a(EBL)369420 035 $a(OCoLC)476204568 035 $a(SSID)ssj0000183150 035 $a(PQKBManifestationID)11198759 035 $a(PQKBTitleCode)TC0000183150 035 $a(PQKBWorkID)10194778 035 $a(PQKB)11284851 035 $a(MiAaPQ)EBC369420 035 $a(Au-PeEL)EBL369420 035 $a(CaPaEBR)ebr10256996 035 $a(EXLCZ)991000000000395939 100 $a20010731d2001 uy 0 101 0 $aeng 135 $aur|n|---||||| 181 $ctxt 182 $cc 183 $acr 200 00$aInvasive alien species$b[electronic resource] $ea toolkit of best prevention and management practices /$fedited by Ru?diger Wittenberg and Matthew J.W. Cock ; Global Invasive Species Programme (GISP) ... [et al.] 210 $aWallingford, Oxon, UK ;$aNew York $cCABI Pub.$dc2001 215 $a1 online resource (240 p.) 300 $a"The toolkit was designed and partially drafted at an international workshop held in Kuala Lumpur, 22-27 March, 1999".--Preface. 311 $a0-85199-569-1 320 $aIncludes bibliographical references (p. 228) and indexes. 327 $aINVASIVE ALIEN SPECIES: A Toolkit of Best Prevention and Management Practices; CONTENTS; PREFACE; TOOLKIT SUMMARY; Chapter 1. INTRODUCTION; Chapter 2. BUILDING STRATEGY AND POLICY; Chapter 3. PREVENTION; Chapter 4. EARLY DETECTION; Chapter 5. ASSESSMENT ANDMANAGEMENT; Cgapter 6. HOW TO USE THIS TOOLKIT; LOCALITY INDEX; TAXA INDEX; KEY PUBLICATIONS OF GISP 330 $aThe Global Invasive Species Programme (GISP) was established to address concerns with alien invasive species, formulated in the Convention on Biological Diversity. Its goal is to improve prevention and management of biological invasions, and this book represents a key outcome. 606 $aNonindigenous pests$xControl 606 $aPests$xControl 608 $aElectronic books. 615 0$aNonindigenous pests$xControl. 615 0$aPests$xControl. 676 $a363.7/8 676 $a577.18 701 $aWittenberg$b Ru?diger$0865463 701 $aCock$b Matthew J. W$0865464 712 02$aGlobal Invasive Species Programme. 801 0$bMiAaPQ 801 1$bMiAaPQ 801 2$bMiAaPQ 906 $aBOOK 912 $a9910458394003321 996 $aInvasive alien species$91931572 997 $aUNINA